000 01023cam a2200349 a 4500
001 22823
003 SK-KTurca
005 20260428162121.0
008 250414s1994 xo o j 000 1dslo
015 _aSNBA1994/06
020 _a8006004099
_q(brož.)
035 _aSNK000018240
035 _aurn:nbn:sk:snk-amjazu
035 _aurn:nbn:sk:snk-am003mh0
035 _a4AA37F7A-8822-41FD-88A5-544FCF237FA8
040 _aSNK
_bslo
_cSNK
_eAACR2
041 1 _aslo
_hsrp
044 _axo
_cSK
080 _a886.1-94
_22001
080 _a82-3
_22001
080 _a(093.3)
_22001
100 1 _aFilipović, Zlata
_4aut
245 1 0 _aDenník Zlaty Filipovičovej
_cZlata Filipović ; [prel. Zora Sadloňová]
250 _a1. vyd.
260 _aBratislava
_bMladé letá
_c1994
300 _a175 s.
_bFotogr.
_c20 cm
700 1 _aSadloňová, Zora,
_d1954-
_4trl
700 1 _aBoulat, Alexandra
_4pht
942 _2ddc
_cKLDE
_n0
999 _c22823
_d22823